00485nam a2200193Ia 4500003000400000005001700004008004100021020002200062040000700084041000800091082001600099100003000115245004500145260003600190300001600226365001300242650001400255650002200269OSt20230516141836.0210423s2010 xx 000 0 und d a978-81-265-2387-0 cAL aeng a547.59 LIJN aLI (Jie-Jack);COREY (E J) aName reactions in heterocyclic chemistry aNew DelhibWiley and Sonsc2010 axix,558bPB b649cINR aChemistry aOrganic Chemistry